000
00258nam a22001217a 4500
003
SGT
082
_a
174
_b
KUM
100
_a
KUMAR KAILESH
245
_a
CORPORATE GOVERNANCE ISSUES AND CHALLENGES IN INDIA
260
_c
2023
300
_a
90
942
_2
ddc
_c
BK
999
_c
34052
_d
34052